MARC

LEADER 00000cam a2200000 a 4500
001 24848
003 AGDB
005 20260324181537.0
008 210706r19501946xxka 000 eng c
035 |a (ES-BaCBU).b50769686 
040 |a ES-BaCDA  |b cat  |c ES-BaCDA 
043 |a e-it--- 
080 |a 75.033.5(45) 
245 1 0 |a Sienese paintings /  |c with an introduction and notes by Tancred Borenius 
250 |a [Reprinted] 
260 |a London :  |b Faber and Faber,  |c [1946] 
300 |a 24 pàg. :  |b il., dib. col. ;  |c 31 cm 
500 |a Prové del fons Joan Junyer i Pascual (1909-1994) 
650 |a Fons Joan Junyer i Pascual (1909-1994)  |9 72777 
650 0 |a Pintura gòtica  |z Itàlia  |2 lemac  |9 72614 
700 |a Borenius, Tancred,  |d 1885-1948  |9 72615 
830 0 |a Faber gallery 
907 |a .b50769686  |b 22-01-21  |c 08-08-11  |d 08-08-11  |e m  |f a  |g -  |h eng  |i xxk  |j 0  |k 1 
908 |a COAC 
942 |2 udc  |c ARXIU  |n 1 
952 |0 0  |1 0  |2 udc  |4 0  |6 F504117  |7 1  |9 98533  |a Arxiu  |b Arxiu  |d 2025-10-22  |l 0  |o F-504-117  |p 24848  |r 2025-10-22 09:46:45  |w 2025-10-22  |y ARXIU 
999 |c 130284  |d 130284